000 00311nam a22001337a 4500
008 170926b xxu||||| |||| 00| 0 eng d
020 _a9780803968301
041 _aeng
080 _a37
100 _a46
101 _aEDU
245 _aRESEARCH ON PROFESSIONAL DEVELOPMENT SCHOOLS
_cBYRD,D.M
942 _2udc
_cBK
999 _c29978
_d29978